| 000 | 00944nam a2200301Ia 4500 | ||
|---|---|---|---|
| 001 | dia_5042 | ||
| 003 | CHAP | ||
| 005 | 20251021152434.0 | ||
| 008 | 220117s1973 xx 000 0 und d | ||
| 010 | _a175865 | ||
| 020 | _a968-18-0176-8 | ||
| 040 | _cCHAP | ||
| 082 | _a620.04 K75 1973 | ||
| 100 |
_aKrick, Edward V. _963921 |
||
| 245 |
_aIntroducción a la ingeniería y al diseño en la ingeniería / _c Edward V. Krick ; traducción Francisco Paniagua B. |
||
| 260 |
_aMéxico : _b Limusa, _c1973 |
||
| 300 | _a240 p. | ||
| 500 | _aTítulo original: An introduction to engineering & engineering design | ||
| 503 | _aC/e | ||
| 504 | _aBibliografía: p. 223-227 | ||
| 650 |
_aDiseño _932727 |
||
| 650 |
_aIngeniería _958173 |
||
| 700 |
_aPaniagua B., Francisco, tr. _9146970 |
||
| 901 | _a620.04 K75 1973 | ||
| 902 | _aM | ||
| 905 | _a5232271973 mx am 8212223322spa16 | ||
| 942 |
_cLIBRO _2ddc |
||
| 999 |
_c175865 _d175865 |
||